[Event "ECU-ch"]
[Site "Salinas"]
[Date "2021.12.17"]
[Round "3"]
[White "Noboa Silva, Kevin Omar"]
[Black "Reinoso Salas, Daniel Alejandro"]
[Result "1-0"]
[WhiteElo "2331"]
[BlackElo "2076"]
[PlyCount "53"]
[EventDate "2021.12.16"]
[EventType "swiss"]
[EventRounds "7"]
[EventCountry "ECU"]
[SourceTitle "EXT 2023"]
[Source "ChessBase"]
[SourceDate "2022.10.05"]
[SourceVersion "1"]
[SourceVersionDate "2022.10.05"]
[SourceQuality "1"]

1. d4 Nf6 2. c4 c5 3. d5 e5 4. Nc3 d6 5. e4 Be7 6. Nf3 0-0 7. g3 Ne8 8. Bg2 Bg4 9. 0-0 Nd7 10. a3 g6 11. Qd3 Bxf3 12. Bxf3 Bg5 13. Bg4 Bxc1 14. Raxc1 Ng7 15. Bxd7 Qxd7 16. f4 f5 17. fxe5 dxe5 18. Rf3 Ne8 19. Re1 f4 20. gxf4 Qg4+ 21. Kh1 Rxf4 22. Rxf4 Qxf4 23. Rf1 Qg4 24. d6 Qe6 25. d7 Nd6 26. Nb5 Qxc4 27. Qxc4+ 1-0

[Event "ECU-ch"]
[Site "Salinas"]
[Date "2021.12.16"]
[Round "2"]
[White "Cargua Inca, Andres Mateo"]
[Black "Reinoso Salas, Daniel Alejandro"]
[Result "0-1"]
[WhiteElo "1311"]
[BlackElo "2076"]
[PlyCount "92"]
[EventDate "2021.12.16"]
[EventType "swiss"]
[EventRounds "7"]
[EventCountry "ECU"]
[SourceTitle "EXT 2023"]
[Source "ChessBase"]
[SourceDate "2022.10.05"]
[SourceVersion "1"]
[SourceVersionDate "2022.10.05"]
[SourceQuality "1"]

1. e4 c5 2. Nf3 Nc6 3. c3 Nf6 4. e5 Nd5 5. d4 cxd4 6. cxd4 d6 7. Bc4 Nb6 8. Bb5 d5 9. h3 Bf5 10. Nc3 e6 11. 0-0 Rc8 12. Be3 a6 13. Be2 Be7 14. Rc1 0-0 15. Na4 Nxa4 16. Qxa4 Qb6 17. b3 Qa7 18. b4 b5 19. Qb3 Nxb4 20. a3 Bc2 21. Qb2 Nd3 22. Bxd3 Bxd3 23. Rfd1 Bc4 24. Bg5 Rc6 25. Rc2 Rfc8 26. Rdc1 Bf8 27. Be3 Qb7 28. Rc3 b4 29. axb4 Qxb4 30. Qa1 Qb7 31. Nd2 Bb4 32. R3c2 a5 33. Nxc4 Rxc4 34. Rxc4 dxc4 35. Qa4 h6 36. Rc2 c3 37. f3 Qd5 38. Kf2 h5 39. g3 g6 40. h4 Kg7 41. Qa2 Rc4 42. Qa4 Rc8 43. Qa2 Qb5 44. Bc1 Qd3 45. Be3 Be7 46. Qb3 Rc4 0-1

[Event "South America-ch U20 13th"]
[Site "Manta"]
[Date "2017.04.26"]
[Round "2"]
[White "Mendoza Criollo, Carlos David"]
[Black "Reinoso Salas, Daniel Alejandro"]
[Result "1-0"]
[WhiteElo "1948"]
[BlackElo "1716"]
[PlyCount "79"]
[EventDate "2017.04.25"]
[EventType "swiss"]
[EventRounds "9"]
[EventCountry "ECU"]
[SourceTitle "CBM 178 Extra"]
[Source "ChessBase"]
[SourceDate "2017.06.22"]
[SourceVersion "1"]
[SourceVersionDate "2017.06.22"]
[SourceQuality "1"]

1. d4 Nf6 2. c4 e6 3. Nc3 c5 4. e3 a6 5. Bd3 d5 6. Nf3 dxc4 7. Bxc4 b5 8. Be2 Bb7 9. 0-0 cxd4 10. Nxd4 Nbd7 11. Bf3 Qb6 12. a4 b4 13. a5 Qc7 14. Na4 Rb8 15. Bxb7 Rxb7 16. Bd2 Qxa5 17. Rc1 Qd8 18. Qe2 Qa8 19. Rc6 Be7 20. Rxa6 Ra7 21. Nb5 Rxa6 22. Nc7+ Kd8 23. Nxa8 Rxa4 24. Qf3 Nd5 25. e4 N5f6 26. e5 Nd5 27. Qxf7 Rxa8 28. Qxe6 Ra5 29. Rd1 Nc7 30. Qg4 Rd5 31. e6 Nf6 32. Qc4 Nxe6 33. Rc1 Rc5 34. Qxe6 Rxc1+ 35. Bxc1 Nd7 36. Bf4 Bf6 37. b3 h5 38. Bd6 h4 39. Qe4 Nb6 40. Qb7 1-0

[Event "South America-ch U20 13th"]
[Site "Manta"]
[Date "2017.04.25"]
[Round "1"]
[White "Reinoso Salas, Daniel Alejandro"]
[Black "Martinez Alcantara, Jose Eduardo"]
[Result "1/2-1/2"]
[WhiteElo "1716"]
[BlackElo "2431"]
[PlyCount "54"]
[EventDate "2017.04.25"]
[EventType "swiss"]
[EventRounds "9"]
[EventCountry "ECU"]
[SourceTitle "CBM 178 Extra"]
[Source "ChessBase"]
[SourceDate "2017.06.22"]
[SourceVersion "1"]
[SourceVersionDate "2017.06.22"]
[SourceQuality "1"]

1. d4 Nf6 2. c4 e6 3. Nc3 Bb4 4. e3 0-0 5. Nge2 d5 6. a3 Be7 7. cxd5 exd5 8. Nf4 c6 9. Bd3 Re8 10. 0-0 Nbd7 11. f3 Nf8 12. Bc2 Ne6 13. e4 dxe4 14. Nxe6 Bxe6 15. fxe4 c5 16. d5 Bg4 17. Qd3 Bd6 18. Bf4 Be5 19. Bxe5 Rxe5 20. Qg3 Qe7 21. Rxf6 Qxf6 22. Qxg4 c4 23. Qg3 Qb6+ 24. Kh1 Rae8 25. Ba4 R8e7 26. Rd1 Qd6 27. Nb5 Qg6 1/2-1/2

[Event "Carpuela CupT U20 6th"]
[Site "Carpuela"]
[Date "2015.06.04"]
[Round "5.3"]
[White "Collahuazo, Santiago"]
[Black "Reinoso Salas, Daniel Alejandro"]
[Result "0-1"]
[WhiteElo "1438"]
[BlackElo "1710"]
[PlyCount "128"]
[EventDate "2015.06.01"]
[EventType "team-swiss"]
[EventRounds "7"]
[EventCountry "ECU"]
[SourceTitle "CBM 166 Extra"]
[Source "ChessBase"]
[SourceDate "2015.06.18"]
[SourceVersion "1"]
[SourceVersionDate "2015.06.18"]
[SourceQuality "1"]
[WhiteTeam "Loja"]
[BlackTeam "Chimborazo"]
[WhiteTeamCountry "ECU"]
[BlackTeamCountry "ECU"]

1. d4 Nf6 2. Nf3 g6 3. e3 Bg7 4. Bd3 d5 5. Nbd2 0-0 6. b3 c5 7. Bb2 Nc6 8. 0-0 cxd4 9. exd4 Nb4 10. Be2 Bf5 11. a3 Bxc2 12. Qc1 Bd3 13. axb4 Bxe2 14. Re1 Bxf3 15. Nxf3 e6 16. Ne5 a6 17. Qd2 Nd7 18. Rec1 Nxe5 19. dxe5 Qd7 20. Qe3 Rfc8 21. Qb6 Rxc1+ 22. Rxc1 Rc8 23. Rxc8+ Qxc8 24. g3 h5 25. Bd4 Bf8 26. Bc5 Bg7 27. f4 Qd7 28. Kf2 Kh7 29. Kg1 f6 30. Bd4 fxe5 31. fxe5 Qc8 32. Kf1 Qc1+ 33. Kg2 Qc2+ 34. Kg1 Qxb3 35. Kg2 Qc2+ 36. Kg1 Qc6 37. Qd8 Qc1+ 38. Kg2 Qd2+ 39. Bf2 Qxb4 40. Qd7 Qe4+ 41. Kg1 Qxe5 42. Qxb7 Qd6 43. Bd4 e5 44. Bxe5 Qxe5 45. Qxa6 d4 46. Qd3 Qe3+ 47. Qxe3 dxe3 48. Kf1 Bd4 49. Ke2 Kg7 50. h3 g5 51. Kf3 g4+ 52. hxg4 hxg4+ 53. Ke2 Kf6 54. Kf1 Ke5 55. Ke1 Ke4 56. Ke2 Ba7 57. Ke1 Bb8 58. Kf1 Bxg3 59. Kg2 e2 60. Kxg3 e1Q+ 61. Kh2 g3+ 62. Kg2 Qf2+ 63. Kh3 Kf4 64. Kh4 Qh2# 0-1